Masihi Pocket Book. (Record no. 718)

MARC details
000 -LEADER
fixed length control field 00574nam a2200241 a 4500
020 ## - INTERNATIONAL STANDARD BOOK NUMBER
ISBN
082 00 - DEWEY DECIMAL CLASSIFICATION NUMBER
Classification number 239
Author Cutter ASH
100 ## - MAIN ENTRY--AUTHOR NAME
Author name Ashiq Alah, Sain
245 ## - TITLE STATEMENT
Title Masihi Pocket Book.
260 ## - PUBLICATION, DISTRIBUTION, ETC. (IMPRINT)
Place of publication Lahore
Name of publisher Hayat Khan Abeer
Year of publication 1930
300 ## - PHYSICAL DESCRIPTION
Number of Pages 96p
500 ## - GENERAL NOTE
General note includes index and biblioraphy
505 2# - FORMATTED CONTENTS NOTE
Formatted contents note Hand Written Manuscript
650 ## - SUBJECT ADDED ENTRY--TOPICAL TERM
Topical Term Apologetics
942 ## - ADDED ENTRY ELEMENTS (KOHA)
Koha item type Books
700 1# -
-- Ashiq Alah, Sain
Holdings
Home library Current library Date acquired Cost, normal purchase price Full call number Accession Number Koha item type
Henry Martyn Institute Library Henry Martyn Institute Library 06/21/2007 100.00 239 ASH 4944 Archive Book
                   Copyright © 2026 | Henry Martyn Institute | Hyderabad | TS-500052 | INDIA | Implemented by hmi.edu.in
Hit-Count:

Powered by Koha